Historia de la cultura en la América hispánica
Guardat en:
| Autor principal: | |
|---|---|
| Format: | Llibre |
| Idioma: | espanyol |
| Publicat: |
Ciudad de México
Fondo de cultura económica
1947
|
| Col·lecció: | Colección popular, 5
|
| Matèries: | |
| Etiquetes: |
Afegir etiqueta
Sense etiquetes, Sigues el primer a etiquetar aquest registre!
|
MARC
| LEADER | 00000nam a2200000 a 4500 | ||
|---|---|---|---|
| 001 | UCO2811 | ||
| 003 | CL-VaPUC | ||
| 008 | 000608e19470000MX |||||||||||||||||spa|d | ||
| 082 | 0 | 4 | |a 980 |b HEN |2 21 |
| 100 | 0 | |a Henríquez Ureña, Pedro |e author |9 420862 | |
| 245 | 1 | 0 | |a Historia de la cultura en la América hispánica |
| 300 | |a 171 p | ||
| 942 | |c BK | ||
| 945 | |d 20000608 00:00:00 |a rherrera | ||
| 260 | |a Ciudad de México |b Fondo de cultura económica |c 1947 | ||
| 650 | 0 | |a Historia de América |9 266076 | |
| 650 | 0 | |a América Precolombina |9 446253 | |
| 650 | 7 | |a CULTURAS ANTIGUAS |2 CL-VaPUC |9 368814 | |
| 650 | 7 | |a CULTURA AMERICANA |2 CL-VaPUC |9 446221 | |
| 650 | 7 | |a SIGLOS 15-20 |2 CL-VaPUC |9 373281 | |
| 651 | 0 | |a América |9 255182 | |
| 583 | |a last modification |c 20000608 00:00:00 |k Rodrigo Vera | ||
| 490 | 0 | |a Colección popular, 5 | |
| 999 | |c 289306 |d 289304 | ||
| 952 | |0 0 |1 0 |4 0 |6 980_000000000000000_HEN_1947 |7 0 |8 X |9 337588 |a BIBHIS |b BIBHIS |d 2019-11-20 |i 1287702 |o 980 HEN 1947 |p 1287702 |r 2024-01-30 |w 2019-11-20 |y BK_X |k HIS | ||